| Tag |
First Indicator |
Second Indicator |
Subfields |
| LEADER |
00000pam a2200000 a 4500 |
| 001 |
in00000092708 |
| 005 |
20150923132158.0 |
| 008 |
820204s1982 kyu b 00110 eng |
| 010 |
|
|
|a 80005175
|
| 020 |
|
|
|a 0813104033 :
|c $19.50
|
| 035 |
|
|
|a (OCoLC)08193993
|
| 035 |
|
|
|9 AAK7530AM
|
| 039 |
0 |
|
|a 2
|b 3
|c 3
|d 3
|e 3
|
| 040 |
|
|
|a DLC
|c DLC
|d TXA
|d UtOrBLW
|
| 043 |
|
|
|a n-us---
|
| 049 |
|
|
|a TXAM
|c [985750]
|
| 050 |
0 |
0 |
|a UA23
|b .G783 1982
|
| 100 |
1 |
|
|a Gray, Colin S.
|
| 245 |
1 |
0 |
|a Strategic studies and public policy :
|b the American experience /
|c Colin S. Gray.
|
| 264 |
|
1 |
|a Lexington, Ky. :
|b University Press of Kentucky,
|c [1982]
|
| 264 |
|
4 |
|c ©1982
|
| 300 |
|
|
|a 230 pages ;
|c 23 cm.
|
| 336 |
|
|
|a text
|b txt
|2 rdacontent
|
| 337 |
|
|
|a unmediated
|b n
|2 rdamedia
|
| 338 |
|
|
|a volume
|b nc
|2 rdacarrier
|
| 490 |
1 |
|
|a Essays for the third century
|
| 504 |
|
|
|a Includes bibliographical references and index.
|
| 650 |
|
0 |
|a Strategy.
|
| 651 |
|
0 |
|a United States
|x Military policy.
|
| 651 |
|
0 |
|a United States
|x Foreign relations
|y 1945-1953.
|
| 651 |
|
0 |
|a United States
|x Foreign relations
|y 1945-1989.
|
| 830 |
|
0 |
|a Essays for the third century.
|
| 999 |
|
|
|a MARS
|
| 999 |
f |
f |
|s 0a2a52b5-9bbb-3e32-a212-1d7d533548e3
|i 884a97eb-e568-3e59-93f9-8e34ccef47a4
|t 0
|
| 952 |
f |
f |
|p ric
|a Texas A&M University
|b Rellis Campus
|c Joint Library Facility
|d Remote Storage
|t 0
|e UA23 .G783 1982
|h Library of Congress classification
|i unmediated -- volume
|m A14806006815
|
| 998 |
f |
f |
|a UA23 .G783 1982
|t 0
|l Remote Storage
|